| 000 | 00443 a2200157 4500 | ||
|---|---|---|---|
| 005 | 20250626081024.0 | ||
| 020 | _a978-0-07-332059-5 | ||
| 082 | _a657 WIL | ||
| 100 | _aWILD, J. J. | ||
| 245 | _aPrinciple of Financial Accounting | ||
| 250 | _a8th Ed. | ||
| 260 |
_aNew York, _bMcGraw Hill, _c2007. |
||
| 300 |
_axxxii, 484p.; ill.; figure, table, figure _bGlossary, Index _c27cm. |
||
| 700 | _aLARSON, K. D. & CHIAPPETTA, B. | ||
| 942 |
_2ddc _cBKS |
||
| 999 |
_c5231 _d5231 |
||